Culture Générale - Série 2516 - Statistiques

Statistiques générales
  • Ce quiz a été pris 103 fois
  • Le résultat moyen est 5 sur 10
Statistiques - réponses
Question Réponse % Correct
Quelle fleur est appelée « Pierre de Ronsard »? rose
74%
Qui a écrit la pièce de théâtre "Bérénice" en1670 ? Jean Racine
69%
Elle raconte les évènements de la conquête de l'Angleterre par le duc de Normandie en 1066 : c'est " la tapisserie de ... voir photo Bayeux
66%
Quel personnage de Shakespeare rencontre le fantôme de son père ? Hamlet
59%
Quel roi de la mythologie grecque changeait en or tout ce qu'il touchait ? Midas
59%
De quel sport la ville écossaise de Saint Andrews est-elle considérée comme le berceau, vers 1755 ? golf
44%
Qui a chanté "Potemkine" en 1965 ? Jean Ferrat
42%
Comment s'appelle la doctrine philosophique illustrée par Jean-Paul Sartre ? Existentialisme
33%
Quelle ordonnance de François 1er, de 1539, a rendu obligatoire l'usage du Français dans les documents officiels ? Villers-Cotterêts
28%
Qui a écrit« Et s’il n’en reste qu’un, je serai celui-là ! » en 1853 (ultima verba) ? Victor Hugo
18%
Aucun quiz correspondant
Distribution des résultats
% des personnes avec chaque résultat
Percentile par nombre de réponses
Votre historique - résultats
Vous n’avez pas pris ce quiz